000 00676nam a2200289Ia 4500
005 20260324121304.0
008 008 260324s9999 xx 000 0 eng d
020 _a9780203797013
037 _aEBOOK
040 _aCRL
040 _beng
040 _cCRL
041 _2eng
041 _aeng
084 _qCRL
100 _aPeter D. Burdon
_91041705
245 0 _aEarth Jurisprudence
245 0 _bPrivate Property and the Environment
260 _bTaylor and Francis
260 _c2014
365 _a
365 _b230
856 _uhttp://www.taylorfrancis.com/books/9780203797013
942 _cEBOOK
999 _c1753947
_d1753947